000 00947nam a2200217Ia 4500
001 3196
003 GE_BSU
008 181216s||||||||xx |||||||||||||| ||und||
040 _cGE_BSU
080 _a658.24+622.485(035)
100 _aЩекин,Р.В. Короневский,С.М. Бем,Г.Е. и др.
245 _aСправочник по теплоснабжению и вентиляции в гражданском строительстве.
245 _cРед. Э.А.Полторацкая, Э.Н.Сурыгина, З.Н.Волощенко.
250 _aВторое изд. переработанное и дополненное.
260 _aКиев.
260 _bГостоптехиздат.
260 _c1962.
300 _a1020 стр. с илл. 23 см.
653 _aСправочник по теплоснабжению и вентиляции в гражданском строительстве.
942 _cBK
999 _c37237
_d37237